01627cam a2200385 a 4500001001400000003000800014005001700022006001900039007001500058008004100073020003800114040003000152049002600182050002100208082001400229100002500243245008300268260002700351300003700378490003000415520030100445521001700746588004700763504005100810650003700861650004200898650004500940655002900985710001601014776003501030830003101065856011001096942001601206999001901222EDZ0000071621StDuBDS20161031105213.0m||||||||d||||||||cr |||||||||||120405s2003 enk fo| 001|0|eng d a9781446219904 (ebook) :cNo price aStDuBDSbengcStDuBDSepn aAlfaisal Main Library 0aHM548b.F48 200304a306.32231 aFevre, Ralph,d1955-14aThe new sociology of economic behaviourh[electronic resource] /cRalph Fevre. aLondon :bSAGE,c2003. a1 online resource (vii, 277 p.).1 aNew horizons in sociology8 aThe author argues that the sociology of economic behaviour was hijacked by the economic sociology which grew out of Parsons' interpretation of Weber. This development neglected the moral considerations of classical sociology and made unfounded assumptions about the power of economic rationality. aSpecialized. aDescription based on print version record. aIncludes bibliographical references and index. 0aEconomicsxSociological aspects. 0aSocial interactionxEconomic aspects. 0aConsumption (Economics)xSocial aspects. 7aElectronic books.2local2 aSage eBooks08iPrint version :z9780761966630 0aNew horizons in sociology.40uhttp://ezproxy.alfaisal.edu/login?url=http://sk.sagepub.com/books/the-new-sociology-of-economic-behaviour 2lcccEBOOKS c481604d481604